| 000 | 00800nam a2200253Ia 4500 | ||
|---|---|---|---|
| 001 | 18217 | ||
| 003 | GE_BSU | ||
| 008 | 181216s||||||||xx |||||||||||||| ||und|| | ||
| 020 | _a9780471296461 | ||
| 040 | _cGE_BSU | ||
| 080 | _a612.6 | ||
| 100 | _aAustad, Steven N. | ||
| 245 | _aWhy we age : what science is discovering about the body's journey through life | ||
| 260 | _aNew York | ||
| 260 | _bJ. Wiley & Sons, | ||
| 260 | _c1997 | ||
| 300 | _axii, 244 p, ill. ; 25 cm. | ||
| 541 | _h63gel. | ||
| 653 | _aAging--Physiological aspects. Age factors in disease. | ||
| 653 | _aWhy we age : what science is discovering about the body's journey through life | ||
| 653 | _aმედიცინა | ||
| 653 | _aფიზიოლოგიური ასპექტები. | ||
| 942 | _cBK | ||
| 999 |
_c51255 _d51255 |
||